| 000 | 00579nam a2200181Ia 4500 | ||
|---|---|---|---|
| 008 | 151018s9999 xx 000 0 und d | ||
| 082 |
_bRBASDV43664 _a891.463 |
||
| 100 | _aप्रभाकर भोगले | ||
| 245 | _aवावटळीतलं पानं | ||
| 250 | _b1 | ||
| 260 |
_bपारस _c2006 |
||
| 300 | _a328 | ||
| 600 | _aप्रभाकर भोगले | ||
| 630 | _aवावटळीतलं पानं | ||
| 700 | _aप्रभाकर भोगले | ||
| 730 | _aवावटळीतलं पानं | ||
| 942 | _cBOOK | ||
| 999 |
_c1042877 _d1042874 |
||